Odborný slovník hospodárska politika Európskej únie - stručný výklad základných pojmov

Pokračovanie stručného výkladu základných pojmov odborného slovníka hospodárskej politiky Európskej únie.

Enregistré dans:
Détails bibliographiques
Auteur principal: Vidová, Jarmila, 1967-
Format: Chapitre de livre
Langue:slovaque
Sujets:
Tags: Ajouter un tag
Pas de tags, Soyez le premier à ajouter un tag!

MARC

LEADER 00000nla$a2200000$$$4500
001 0136075
005 20240502072525.6
041 0 |a slo 
044 |a SK 
245 1 0 |a Odborný slovník  |b hospodárska politika Európskej únie - stručný výklad základných pojmov  |c Jarmila Vidová 
520 |a Pokračovanie stručného výkladu základných pojmov odborného slovníka hospodárskej politiky Európskej únie. 
610 2 0 |a slovníky 
610 2 0 |a preklady odborné 
610 2 0 |a pojmy 
610 2 0 |a terminológia 
610 2 0 |a politika hospodárska 
610 2 0 |a Európska únia 
100 1 |a Vidová, Jarmila, 1967-